00704nam a2200193 i 450000100060000000300090000600500170001500700030003200800410003510000340007624501370011025000180024726000400026530000220030565100190032785200220034699900170036895201250038528050ES-MaACL20230906153742.0t|030116s1877 gw ||||1| eng d1 aBaillie Grohman, W. A.92470710aTyrol and the tyrolese b: the people and the land in their social sporting and mountaineeving aspects / cby W. A. Baillie Grohman. aEd. copyngth. aLeipzig : bBern Tauchintz, c1877. a278 p. ; c16 cm. 4aTirol.9165351 aES-MaACLjG-12450 c28050d28050 001040708LIBXIXaATENEOMbATENEOMcSPP3d2008-01-17eSCl0oG-12450p1028961r2023-02-23 00:00:00w2023-02-23yMONANT